| 000 | 00620nam a2200169 i 4500 | ||
|---|---|---|---|
| 001 | 96036 | ||
| 003 | ES-MaACL | ||
| 005 | 20230906181826.0 | ||
| 007 | t| | ||
| 008 | 050609s1949 sp ||||1| spa d | ||
| 100 | 1 |
_aMac Bryde, Cyril Mitchell. _975003 |
|
| 245 | 1 | 0 |
_aSignos y síntomas _b: su interpretación clínica / _cpor Cyril Mitchell Mc Bride; traducido directamente del inglés por el Dr. Victor Martínez-Llinares. |
| 260 |
_aMadrid : _bEspasa-Calpe, _c1949. |
||
| 300 |
_aXX, 635 p., lám. col. I-VI : _bil. ; _c23 cm. |
||
| 700 | 1 |
_aMartínez-Llinares, Victor. _978183 |
|
| 852 |
_aES-MaACL _jD-7280 _bR.28473 |
||
| 999 |
_c96036 _d96036 |
||